000 00987cab a2200289 4500
001 ABS60088
008 090401t1999 xxu||||| |||| 00| 0 eng d
035 _a(Sirsi) u91320
041 _aeng
100 _aBrewer, G.
245 _aDoes insurance relieve subcontractors` duty of care?
260 _c1999
350 _a0
490 _aContract Journal
_v397(6212) 10 February 1999, 24-25(2)
520 _aDiscusses the case "BT v James Thompson and Sons", which centred around the question of the subcontractor`s duty of care when the employer has insured the risk.
650 _aBT V JAMES THOMSON & SONS
650 _aBUILT ENVIRONMENT-BUILDING CONTRACT FORMS
650 _aDUTY OF CARE
650 _aEMPLOYERS
650 _aFIRE DAMAGE
650 _aINSURANCE PROVISIONS
650 _aJCT STANDARD FORM OF BUILDING CONTRACT (1980 EDITION)
650 _aSUBCONTRACTORS
690 _aBUILT ENVIRONMENT-BUILDING CONTRACT FORMS
942 _n0
948 _c12/02/1999
999 _c57957
_d57957